[Event "Winnipeg op U1800"]
[Site "Winnipeg CAN"]
[Date "2025.01.03"]
[Round "1.25"]
[White "Remillard, John"]
[Black "Cobb, Kyle"]
[Result "1-0"]
[WhiteElo "1629"]
[BlackElo "1108"]
[WhiteFideId "-1"]
[WhiteFideId "-1"]
[PlyCount "81"]
[GameId "2140241293495659"]
[EventDate "2025.01.03"]
[EventType "swiss"]
[EventRounds "5"]
[EventCountry "CAN"]

1. Nf3 e6 2. c4 c5 3. e3 b6 4. Be2 Bb7 5. O-O Bd6 6. d4 Qc7 7. d5 exd5 8. cxd5 Nf6 9. Nc3 O-O 10. Nb5 Bxh2+ 11. Nxh2 Qe5 12. Nf3 Qh5 13. Nc7 Ng4 14. Nxa8 Bxd5 15. Re1 Bxf3 16. Bxf3 Qh2+ 17. Kf1 Nf6 18. Nc7 Qxc7 19. Bd2 d5 20. Qc2 Nc6 21. Ke2 Re8 22. Kd1 Ne4 23. Bxe4 dxe4 24. Bc3 b5 25. a3 Rd8+ 26. Ke2 Qb7 27. Rad1 Re8 28. b4 c4 29. Rd2 Qc8 30. Red1 Qg4+ 31. Kf1 Qh5 32. Kg1 f5 33. Rd6 Ne7 34. Rd7 Qg4 35. Rxa7 h5 36. Rdd7 Kf8 37. Qd2 h4 38. Rd8 h3 39. Rxe8+ Kf7 40. Rexe7+ Kg6 41. Rxg7+ 1-0

[Event "Winnipeg op U1800"]
[Site "Winnipeg CAN"]
[Date "2025.01.04"]
[Round "2.12"]
[White "Rosenstock, Samuel"]
[Black "Remillard, John"]
[Result "1-0"]
[WhiteElo "1791"]
[BlackElo "1629"]
[WhiteFideId "-1"]
[WhiteFideId "-1"]
[PlyCount "45"]
[GameId "2140241293495661"]
[EventDate "2025.01.03"]
[EventType "swiss"]
[EventRounds "5"]
[EventCountry "CAN"]

1. d4 d6 2. c4 Nf6 3. Nc3 g6 4. e4 Bg7 5. Nf3 O-O 6. Be2 Nfd7 7. O-O e5 8. d5 Nf6 9. h3 h6 10. Be3 Nh7 11. Qd2 g5 12. Ne1 f5 13. f3 f4 14. Bf2 h5 15. Nd3 b6 16. b4 h4 17. c5 Nd7 18. c6 Ndf6 19. a4 a6 20. b5 Nh5 21. a5 Ng3 22. Rfc1 axb5 23. axb6 1-0

[Event "Winnipeg op U1800"]
[Site "Winnipeg CAN"]
[Date "2025.01.04"]
[Round "2.13"]
[White "Balamanage, Dineth"]
[Black "Hansima, Charitha"]
[Result "0-1"]
[WhiteElo "1651"]
[BlackElo "1788"]
[WhiteFideId "-1"]
[WhiteFideId "-1"]
[PlyCount "142"]
[GameId "2140241293495662"]
[EventDate "2025.01.03"]
[EventType "swiss"]
[EventRounds "5"]
[EventCountry "CAN"]

1. d4 Nf6 2. Bf4 d5 3. Nc3 e6 4. e3 Bb4 5. Nge2 O-O 6. h4 Ne4 7. Qd3 b6 8. f3 Ba6 9. Qd1 Nxc3 10. Nxc3 Bxf1 11. Kxf1 Bxc3 12. bxc3 Nd7 13. g4 c5 14. a4 cxd4 15. cxd4 Qc8 16. Qd3 Qc6 17. Ra2 Rac8 18. Ke2 Qc4 19. Qxc4 Rxc4 20. Kd3 Rfc8 21. Rc1 Nf8 22. h5 Nd7 23. c3 Nf6 24. Ra3 h6 25. Rc2 Kf8 26. Bd6+ Ke8 27. Bg3 Kd7 28. Be1 Ne8 29. Rb2 Kc6 30. Bh4 f6 31. Bg3 Nd6 32. Bxd6 Kxd6 33. Rb5 Kc6 34. Rb4 Rxb4 35. cxb4 Kd6 36. Rc3 Rxc3+ 37. Kxc3 e5 38. Kd3 Ke6 39. e4 a6 40. b5 a5 41. Ke3 dxe4 42. fxe4 exd4+ 43. Kxd4 Kd6 44. Ke3 Kc5 45. Kf4 Kb4 46. Kf5 Kxa4 47. Kg6 Kb3 48. Kxg7 a4 49. Kxh6 a3 50. Kg7 a2 51. h6 a1=Q 52. h7 f5+ 53. Kg8 fxe4 54. h8=Q Qxh8+ 55. Kxh8 e3 56. g5 e2 57. g6 e1=Q 58. g7 Qh4+ 59. Kg8 Kb4 60. Kf7 Qf4+ 61. Ke6 Qg4+ 62. Kf7 Kxb5 63. g8=Q Qxg8+ 64. Kxg8 Kb4 65. Kf7 Kc3 66. Ke6 b5 67. Kd5 b4 68. Kc5 b3 69. Kb5 b2 70. Ka4 b1=Q 71. Ka3 Qb3# 0-1

[Event "Winnipeg op U1800"]
[Site "Winnipeg CAN"]
[Date "2025.01.04"]
[Round "2.14"]
[White "Minano, John"]
[Black "Evans, Jason"]
[Result "1-0"]
[WhiteElo "1633"]
[BlackElo "1731"]
[WhiteFideId "-1"]
[WhiteFideId "-1"]
[PlyCount "105"]
[GameId "2140241293495663"]
[EventDate "2025.01.03"]
[EventType "swiss"]
[EventRounds "5"]
[EventCountry "CAN"]

1. Nf3 d5 2. g3 Nf6 3. Bg2 c5 4. O-O Nc6 5. d3 e6 6. Nbd2 Bd6 7. Re1 O-O 8. e4 dxe4 9. dxe4 Qc7 10. Nc4 Rd8 11. Qe2 Bf8 12. Bf4 Qe7 13. e5 Nd5 14. Bg5 Nd4 15. Nxd4 Qxg5 16. Nf3 Qh5 17. Rad1 b6 18. Ne3 Bb7 19. Nxd5 Bxd5 20. c4 Bb7 21. Nd2 Qxe2 22. Rxe2 Rab8 23. Ree1 Bxg2 24. Kxg2 Rd7 25. Nf1 Rbd8 26. Ne3 h5 27. Rxd7 Rxd7 28. Rd1 Rxd1 29. Nxd1 g5 30. f4 gxf4 31. gxf4 Kg7 32. Kf3 Kg6 33. Ke4 Bh6 34. Nc3 f6 35. exf6 Kxf6 36. Nb5 a6 37. Nc7 Bg7 38. Ne8+ Kf7 39. Nxg7 Kxg7 40. Ke5 Kf7 41. a4 a5 42. h4 Ke7 43. f5 exf5 44. Kxf5 Kf7 45. Kg5 Kg7 46. Kxh5 Kf6 47. Kg4 Kg6 48. Kf4 Kh5 49. Ke5 Kxh4 50. Kd6 Kg5 51. Kc6 Kf6 52. Kxb6 Ke6 53. Kxc5 1-0

[Event "Winnipeg op U1800"]
[Site "Winnipeg CAN"]
[Date "2025.01.04"]
[Round "2.15"]
[White "Li, Yuchen"]
[Black "Guzman, Sophia"]
[Result "1-0"]
[WhiteElo "1729"]
[BlackElo "1534"]
[WhiteFideId "-1"]
[WhiteFideId "-1"]
[PlyCount "153"]
[GameId "2140241293495664"]
[EventDate "2025.01.03"]
[EventType "swiss"]
[EventRounds "5"]
[EventCountry "CAN"]

1. e4 e5 2. Nf3 Nc6 3. Bc4 Bc5 4. c3 Nf6 5. d3 d6 6. Bb3 h6 7. Nbd2 Ng4 8. O-O Bd7 9. h3 Nxf2 10. Rxf2 Bxf2+ 11. Kxf2 Qe7 12. Nc4 O-O-O 13. Bc2 f5 14. b4 fxe4 15. dxe4 Rhf8 16. Be3 Qh4+ 17. Ke2 Qg3 18. Qf1 Be6 19. Ncd2 Kb8 20. Qf2 Qg6 21. b5 Na5 22. Bd3 c5 23. bxc6 Nxc6 24. Rb1 Qf7 25. Ba6 Rd7 26. Bb5 Rc7 27. Bxc6 Rxc6 28. Bxa7+ Kc8 29. Qe3 Bc4+ 30. Ke1 Qg6 31. Nh4 Qf6 32. Nf5 Ba6 33. Rb6 Rxb6 34. Qxb6 g6 35. Nxd6+ Kd7 36. N6c4 Qxb6 37. Bxb6 Ke6 38. Ne3 Bd3 39. g3 Ra8 40. Nb3 Kd6 41. Nc5 Ba6 42. a4 Rf8 43. Nxa6 bxa6 44. Ke2 Rc8 45. c4 h5 46. h4 Kc6 47. a5 Rf8 48. Nd5 Rf7 49. Nb4+ Kb7 50. c5 Rf6 51. c6+ Rxc6 52. Nxc6 Kxc6 53. Kd3 Kd6 54. Kc4 Kc6 55. Bd8 Kd6 56. Bf6 Ke6 57. Bg7 Kd6 58. Kd3 Ke6 59. Ke3 Kd6 60. Kf3 Ke6 61. g4 hxg4+ 62. Kxg4 Kd6 63. Kg5 Kc5 64. Kxg6 Kd4 65. Kf5 Kc5 66. h5 Kb5 67. h6 Kxa5 68. Kxe5 Kb5 69. h7 a5 70. h8=Q a4 71. Kd5 Kb4 72. Bf8+ Kb3 73. Qh3+ Kb2 74. Ba3+ Ka2 75. Kc4 Kb1 76. Qh2 Ka1 77. Qb2# 1-0

[Event "Winnipeg op U1800"]
[Site "Winnipeg CAN"]
[Date "2025.01.04"]
[Round "2.16"]
[White "Ranario, MC Jones"]
[Black "Zhang, Nicole"]
[Result "1-0"]
[WhiteElo "1616"]
[BlackElo "1704"]
[WhiteFideId "-1"]
[WhiteFideId "-1"]
[PlyCount "117"]
[GameId "2140241293495665"]
[EventDate "2025.01.03"]
[EventType "swiss"]
[EventRounds "5"]
[EventCountry "CAN"]

1. b3 e5 2. Bb2 Nc6 3. Nf3 e4 4. Nd4 Nxd4 5. Bxd4 Nf6 6. e3 d5 7. h3 Be7 8. Be2 Bd7 9. d3 O-O 10. O-O Bf5 11. c4 c6 12. Bb2 Nd7 13. Bg4 Bxg4 14. Qxg4 Bf6 15. Bxf6 Qxf6 16. d4 Rad8 17. Nd2 Rfe8 18. Rac1 Qd6 19. Rc2 c5 20. Rfc1 b6 21. cxd5 Qxd5 22. dxc5 Nxc5 23. Nb1 h6 24. Rc4 Qe5 25. Nc3 Rd6 26. Nb5 Rg6 27. Qe2 Nd3 28. Rc8 Nxc1 29. Rxc1 Qf5 30. Kh2 a6 31. Nd4 Qe5+ 32. Kh1 a5 33. Qc4 Qg5 34. g3 Qh5 35. Kh2 Rf6 36. Kg2 Rd8 37. Rc2 Qd1 38. Qc7 Rfd6 39. Rc1 Qh5 40. Qe7 Qd5 41. a4 h5 42. Rc4 g6 43. Rc2 R6d7 44. Qf6 Re8 45. Qxb6 Rb7 46. Qf6 Rd8 47. Rc6 Re8 48. h4 Qd7 49. Ra6 Rc7 50. Rxa5 Rc1 51. Rxh5 gxh5 52. Nf5 Rg1+ 53. Kxg1 Qd1+ 54. Kh2 Qg4 55. Nh6+ Kh7 56. Nxg4 hxg4 57. a5 Rb8 58. Qf5+ Kg8 59. Qxg4+ 1-0

[Event "Winnipeg op U1800"]
[Site "Winnipeg CAN"]
[Date "2025.01.04"]
[Round "2.17"]
[White "Pacin, Stefan"]
[Black "Hui, Zelus"]
[Result "0-1"]
[WhiteElo "1434"]
[BlackElo "1662"]
[WhiteFideId "-1"]
[WhiteFideId "-1"]
[PlyCount "76"]
[GameId "2140241293495666"]
[EventDate "2025.01.03"]
[EventType "swiss"]
[EventRounds "5"]
[EventCountry "CAN"]

1. d4 e6 2. Nc3 f5 3. Nf3 Nf6 4. Bf4 Be7 5. e3 O-O 6. Bd3 d6 7. Qe2 a5 8. h3 Nbd7 9. g4 Nb6 10. e4 c5 11. dxc5 dxc5 12. g5 Nh5 13. Be5 Bxg5 14. Rg1 Bf6 15. Rd1 Bxe5 16. Nxe5 Nf4 17. Qe3 Nxd3+ 18. Rxd3 Qc7 19. Qf4 Nc4 20. Rdg3 Qxe5 21. Qxe5 Nxe5 22. Rxg7+ Kh8 23. Rc7 Nf3+ 24. Kf1 Nxg1 25. Kxg1 b6 26. f3 Ba6 27. e5 Rad8 28. Rc6 Rg8+ 29. Kf2 Rd2+ 30. Ke3 Rxc2 31. Rxb6 Bc4 32. b3 Rxc3+ 33. Kd2 Rd3+ 34. Kc2 Rg2+ 35. Kc1 Rxf3 36. Rb8+ Kg7 37. Rb7+ Kg6 38. Rd7 Bd5 0-1

[Event "Winnipeg op U1800"]
[Site "Winnipeg CAN"]
[Date "2025.01.04"]
[Round "2.18"]
[White "Singh, Arshveer"]
[Black "Kumbharathi, Harsha"]
[Result "0-1"]
[WhiteElo "1277"]
[BlackElo "1654"]
[WhiteFideId "-1"]
[WhiteFideId "-1"]
[PlyCount "46"]
[GameId "2140241293495667"]
[EventDate "2025.01.03"]
[EventType "swiss"]
[EventRounds "5"]
[EventCountry "CAN"]

1. e4 c6 2. Nc3 d5 3. d4 dxe4 4. Nxe4 Bf5 5. Bd3 Qxd4 6. Nf3 Qd8 7. O-O e6 8. Bf4 Nd7 9. Qe1 Ngf6 10. Bg5 Be7 11. Bxf6 gxf6 12. Rd1 Bg4 13. Be2 Qc7 14. Qc3 O-O-O 15. a3 f5 16. Ned2 Rhg8 17. Nc4 Nb6 18. Nce5 Bf6 19. Rfe1 Rxd1 20. Bxd1 Bxf3 21. Bxf3 Nd7 22. Qa5 Qxa5 23. Nc4 Qxe1# 0-1

[Event "Winnipeg op U1800"]
[Site "Winnipeg CAN"]
[Date "2025.01.04"]
[Round "2.19"]
[White "Zhang, Oscar"]
[Black "Gannon, Keith"]
[Result "0-1"]
[WhiteElo "1443"]
[BlackElo "1633"]
[WhiteFideId "-1"]
[WhiteFideId "-1"]
[PlyCount "76"]
[GameId "2140241293495668"]
[EventDate "2025.01.03"]
[EventType "swiss"]
[EventRounds "5"]
[EventCountry "CAN"]

1. e4 c5 2. Nc3 d6 3. Nf3 Bd7 4. d4 cxd4 5. Nxd4 e6 6. Bf4 e5 7. Bxe5 dxe5 8. Nf3 Nc6 9. Qd5 Nf6 10. Qd1 Bb4 11. Qd2 O-O 12. a3 Bxc3 13. Qxc3 Nxe4 14. Qe3 Nf6 15. O-O-O Ng4 16. Qe2 e4 17. Nd2 Qf6 18. Nxe4 Qf4+ 19. Kb1 Bf5 20. f3 Bxe4 21. fxe4 Nf2 22. Rg1 Nxd1 23. Qxd1 Qxe4 24. Bd3 Qh4 25. h3 Rad8 26. g3 Qh6 27. g4 Ne5 28. h4 Nxd3 29. cxd3 Qe3 30. Kc2 Rfe8 31. h5 Qe2+ 32. Kc1 Qxd3 33. Qa4 Qe3+ 34. Kb1 Qxg1+ 35. Ka2 Qd4 36. g5 Qxa4 37. b3 Re2+ 38. Ka1 Rd1# 0-1

[Event "Winnipeg op U1800"]
[Site "Winnipeg CAN"]
[Date "2025.01.04"]
[Round "2.20"]
[White "Holoborodko, Ihor"]
[Black "Samson, Larry"]
[Result "0-1"]
[WhiteElo "1208"]
[BlackElo "1787"]
[WhiteFideId "-1"]
[WhiteFideId "-1"]
[PlyCount "96"]
[GameId "2140241293495669"]
[EventDate "2025.01.03"]
[EventType "swiss"]
[EventRounds "5"]
[EventCountry "CAN"]

1. c4 Nf6 2. d4 g6 3. Nc3 Bg7 4. e4 d6 5. h3 O-O 6. Nf3 e5 7. d5 h6 8. Be3 c5 9. Qd2 Kh7 10. Bd3 a6 11. g4 Ne8 12. O-O-O Qa5 13. a3 Nc7 14. Rdg1 b5 15. cxb5 axb5 16. h4 b4 17. axb4 cxb4 18. Nb1 Ba6 19. h5 g5 20. Bxa6 Ncxa6 21. Kd1 Nd7 22. Ke2 Ndc5 23. Bxc5 Nxc5 24. Qe3 Qb5+ 25. Kd2 Ra2 26. Rc1 Rxb2+ 27. Rc2 Rxc2+ 28. Kxc2 Qc4+ 29. Kd1 Nxe4 30. Nfd2 Nxd2 31. Qxd2 Qxg4+ 32. Qe2 Qg2 33. Re1 Qxd5+ 34. Qd2 Qxd2+ 35. Kxd2 f5 36. f3 Rc8 37. Re3 d5 38. Rb3 Rc4 39. Rd3 d4 40. Ke2 e4 41. Rb3 d3+ 42. Kf2 Rc2+ 43. Ke1 Rb2 44. Rxb2 Bxb2 45. fxe4 fxe4 46. Kd2 Bd4 47. Ke1 e3 48. Kd1 Bc3 0-1

[Event "Winnipeg op U1800"]
[Site "Winnipeg CAN"]
[Date "2025.01.12"]
[Round "2.21"]
[White "Kuryliw, Adrian"]
[Black "Pacin, Aleksander"]
[Result "1-0"]
[WhiteElo "1669"]
[BlackElo "1342"]
[WhiteFideId "-1"]
[WhiteFideId "-1"]
[PlyCount "59"]
[GameId "2140241293495670"]
[EventDate "2025.01.03"]
[EventType "swiss"]
[EventRounds "5"]
[EventCountry "CAN"]

1. d4 d5 2. c4 c6 3. Nc3 Nf6 4. Bg5 e6 5. e4 Bb4 6. e5 h6 7. exf6 hxg5 8. fxg7 Rg8 9. Qh5 Qf6 10. Nf3 Qxg7 11. Ne5 Nd7 12. Qe2 Nxe5 13. Qxe5 Qg6 14. O-O-O b6 15. cxd5 Bxc3 16. bxc3 cxd5 17. Qc7 Bd7 18. Bd3 Qf6 19. Qg3 Rc8 20. Kb2 b5 21. Kb3 Qe7 22. h4 f6 23. hxg5 fxg5 24. Rh7 Qf8 25. Rdh1 a5 26. Rxd7 Kxd7 27. Bxb5+ Kd8 28. Rh7 Rg7 29. Rxg7 Qxg7 30. Qd6+ 1-0

[Event "Winnipeg op U1800"]
[Site "Winnipeg CAN"]
[Date "2025.01.04"]
[Round "2.22"]
[White "Towns, Barry"]
[Black "Pacin, Ondrej"]
[Result "0-1"]
[WhiteElo "1654"]
[BlackElo "1230"]
[WhiteFideId "-1"]
[WhiteFideId "-1"]
[PlyCount "116"]
[GameId "2140241293503863"]
[EventDate "2025.01.03"]
[EventType "swiss"]
[EventRounds "5"]
[EventCountry "CAN"]

1. e4 c6 2. c4 e5 3. Nf3 d6 4. Be2 Nf6 5. d4 exd4 6. Qxd4 Be7 7. O-O O-O 8. Rd1 c5 9. Qd3 Nc6 10. Bg5 Nb4 11. Qb3 Nxe4 12. Bxe7 Qxe7 13. Re1 Qc7 14. a3 Nc6 15. Bd3 Nf6 16. Nc3 a6 17. Nd5 Nxd5 18. cxd5 Ne7 19. Re3 Ng6 20. Rae1 Bd7 21. Ng5 Rae8 22. Rxe8 Rxe8 23. Rxe8+ Bxe8 24. Bxg6 fxg6 25. Qh3 h6 26. Qe6+ Bf7 27. Nxf7 Qxf7 28. Qc8+ Kh7 29. Qe6 Qxe6 30. dxe6 Kg8 31. f4 Kf8 32. g4 Ke7 33. f5 gxf5 34. gxf5 g6 35. fxg6 Kxe6 36. Kf2 Kf6 37. Ke3 Kxg6 38. Ke4 Kf6 39. Kd5 Ke7 40. h4 h5 41. b4 cxb4 42. axb4 Kd7 43. Kd4 Kc6 44. Kc4 b6 45. Kc3 a5 46. Kc4 b5+ 47. Kc3 axb4+ 48. Kxb4 d5 49. Kb3 Kc5 50. Kc3 b4+ 51. Kd2 Kc4 52. Kc2 d4 53. Kd1 Kc3 54. Kc1 d3 55. Kd1 Kd4 56. Kd2 b3 57. Kc1 Ke3 58. Kd1 b2 0-1

[Event "Winnipeg op U1800"]
[Site "Winnipeg CAN"]
[Date "2025.01.04"]
[Round "2.23"]
[White "Iyer, Pia"]
[Black "Trueman, Francis"]
[Result "0-1"]
[WhiteElo "1270"]
[BlackElo "1588"]
[WhiteFideId "-1"]
[WhiteFideId "-1"]
[PlyCount "50"]
[GameId "2140241293503864"]
[EventDate "2025.01.03"]
[EventType "swiss"]
[EventRounds "5"]
[EventCountry "CAN"]

1. e4 d6 2. d4 Nd7 3. Nf3 e5 4. Be3 Ngf6 5. Bb5 Nxe4 6. dxe5 Qe7 7. exd6 Nxd6 8. O-O Nxb5 9. Bg5 Nf6 10. Re1 Be6 11. Nc3 Nxc3 12. bxc3 g6 13. Nd4 Rd8 14. Qe2 Rd6 15. Qe3 Bg7 16. Re2 O-O 17. Rae1 Re8 18. Qf3 c5 19. Nxe6 Rxe6 20. Rxe6 fxe6 21. Qf4 Qf7 22. Qh4 h5 23. Re3 Qd7 24. Bxf6 Qd1+ 25. Re1 Qxe1# 0-1

[Event "Winnipeg op U1800"]
[Site "Winnipeg CAN"]
[Date "2025.01.04"]
[Round "2.24"]
[White "Villamar, Flyn"]
[Black "Hui, Zenas"]
[Result "1-0"]
[WhiteElo "1575"]
[BlackElo "1190"]
[WhiteFideId "-1"]
[WhiteFideId "-1"]
[PlyCount "101"]
[GameId "2140241293503865"]
[EventDate "2025.01.03"]
[EventType "swiss"]
[EventRounds "5"]
[EventCountry "CAN"]

1. Nf3 c5 2. g3 Nc6 3. Bg2 g6 4. O-O Bg7 5. d3 e6 6. Nbd2 Nge7 7. Ne4 d6 8. c3 O-O 9. Qc2 b6 10. a3 d5 11. Ned2 Bb7 12. Ra2 d4 13. c4 Ne5 14. Nxe5 Bxg2 15. Kxg2 Bxe5 16. Nf3 Bg7 17. Bf4 Rc8 18. Qd2 Nf5 19. e4 dxe3 20. fxe3 Re8 21. e4 e5 22. exf5 exf4 23. Qxf4 Qxd3 24. fxg6 fxg6 25. b4 Qb3 26. Rff2 cxb4 27. axb4 Qxc4 28. Rxa7 Qxf4 29. gxf4 Rc4 30. b5 Rxf4 31. Rb7 Re6 32. Rd2 Rf7 33. Rxf7 Kxf7 34. Ng5+ Ke7 35. Nxe6 Kxe6 36. Kf3 Be5 37. h3 h5 38. Ke4 Bd6 39. Rd5 Bc5 40. Re5+ Kf6 41. Rxc5 bxc5 42. b6 c4 43. b7 c3 44. b8=Q c2 45. Qc8 g5 46. Qxc2 g4 47. hxg4 Kg5 48. gxh5 Kh6 49. Qg2 Kh7 50. Kf5 Kh6 51. Qg6# 1-0

[Event "Winnipeg op U1800"]
[Site "Winnipeg CAN"]
[Date "2025.01.04"]
[Round "2.25"]
[White "Cobb, Kyle"]
[Black "Odeyemi, Emmanuel"]
[Result "1/2-1/2"]
[WhiteElo "1108"]
[BlackElo "1516"]
[WhiteFideId "-1"]
[WhiteFideId "-1"]
[PlyCount "38"]
[GameId "2140241293503866"]
[EventDate "2025.01.03"]
[EventType "swiss"]
[EventRounds "5"]
[EventCountry "CAN"]

1. e4 c5 2. c3 e6 3. d4 d5 4. e5 Be7 5. Nf3 h6 6. Be2 Nc6 7. a3 cxd4 8. Nxd4 Nxe5 9. Bf4 Nd7 10. Nb5 e5 11. Qxd5 exf4 12. Bc4 Qb6 13. Qxf7+ Kd8 14. Qxf4 Ngf6 15. O-O a6 16. Nd4 Rf8 17. Ne6+ Ke8 18. Nxg7+ Kd8 19. Ne6+ Ke8 1/2-1/2

[Event "Winnipeg op U1800"]
[Site "Winnipeg CAN"]
[Date "2025.01.04"]
[Round "3.12"]
[White "Hui, Zelus"]
[Black "Rosenstock, Samuel"]
[Result "1-0"]
[WhiteElo "1662"]
[BlackElo "1791"]
[WhiteFideId "-1"]
[WhiteFideId "-1"]
[PlyCount "52"]
[GameId "2140241293503868"]
[EventDate "2025.01.03"]
[EventType "swiss"]
[EventRounds "5"]
[EventCountry "CAN"]

1. c4 c6 2. d4 d5 3. Nc3 Nf6 4. Nf3 dxc4 5. e3 b5 6. a4 a6 7. axb5 Bg4 8. bxa6 Rxa6 9. Rxa6 Nxa6 10. Bxc4 Qb6 11. Qa4 Bxf3 12. gxf3 Nc7 13. b4 e6 14. b5 Nfd5 15. Bxd5 cxd5 16. Bd2 Be7 17. Ke2 O-O 18. Rb1 Ra8 19. Qc2 Rc8 20. Na4 Qb7 21. Qb3 Rb8 22. b6 Ne8 23. Nc5 Qc6 24. Qb5 Qxb5+ 25. Rxb5 Nd6 26. Rb1 Kf8 1-0

[Event "Winnipeg op U1800"]
[Site "Winnipeg CAN"]
[Date "2025.01.04"]
[Round "3.13"]
[White "Hansima, Charitha"]
[Black "Minano, John"]
[Result "0-1"]
[WhiteElo "1788"]
[BlackElo "1633"]
[WhiteFideId "-1"]
[WhiteFideId "-1"]
[PlyCount "58"]
[GameId "2140241293503869"]
[EventDate "2025.01.03"]
[EventType "swiss"]
[EventRounds "5"]
[EventCountry "CAN"]

1. c4 f5 2. g3 Nf6 3. Bg2 e6 4. Nf3 Be7 5. Nc3 O-O 6. d3 d6 7. O-O Qe8 8. b3 Qh5 9. Re1 e5 10. e3 e4 11. dxe4 fxe4 12. Nd4 Ng4 13. h3 Rxf2 14. hxg4 Rxg2+ 15. Kxg2 Bxg4 16. Nce2 Nc6 17. Rh1 Bf3+ 18. Nxf3 Qxf3+ 19. Kh2 Ne5 20. Qf1 Qg4 21. Nd4 Rf8 22. Qh3 Nf3+ 23. Nxf3 Qxf3 24. Rg1 Rf6 25. Qc8+ Kf7 26. Rg2 Rh6+ 27. Kg1 Qd1+ 28. Kf2 Rf6+ 29. Qf5 Rxf5# 0-1

[Event "Winnipeg op U1800"]
[Site "Winnipeg CAN"]
[Date "2025.01.04"]
[Round "3.14"]
[White "Kumbharathi, Harsha"]
[Black "Li, Yuchen"]
[Result "0-1"]
[WhiteElo "1654"]
[BlackElo "1729"]
[WhiteFideId "-1"]
[WhiteFideId "-1"]
[PlyCount "48"]
[GameId "2140241293503870"]
[EventDate "2025.01.03"]
[EventType "swiss"]
[EventRounds "5"]
[EventCountry "CAN"]

1. e4 e6 2. d4 d5 3. exd5 exd5 4. Nf3 Bd6 5. c3 Bf5 6. Bd3 Bxd3 7. Qxd3 Ne7 8. Qb5+ Nbc6 9. Qxb7 O-O 10. Qa6 Qd7 11. O-O Qg4 12. Re1 f5 13. Bg5 h6 14. Bxe7 Nxe7 15. Ne5 Qg5 16. Qd3 Rab8 17. Nd7 Rxb2 18. Nxf8 Kxf8 19. g3 f4 20. Nd2 fxg3 21. fxg3 Qxd2 22. Qf3+ Kg8 23. Kf1 Qxh2 24. Re2 Rxe2 0-1

[Event "Winnipeg op U1800"]
[Site "Winnipeg CAN"]
[Date "2025.01.04"]
[Round "3.15"]
[White "Gannon, Keith"]
[Black "Ranario, MC Jones"]
[Result "0-1"]
[WhiteElo "1633"]
[BlackElo "1616"]
[WhiteFideId "-1"]
[WhiteFideId "-1"]
[PlyCount "110"]
[GameId "2140241293503871"]
[EventDate "2025.01.03"]
[EventType "swiss"]
[EventRounds "5"]
[EventCountry "CAN"]

1. e4 d5 2. e5 d4 3. Nf3 Bg4 4. d3 Nc6 5. Be2 e6 6. c3 Nge7 7. Bg5 Qd5 8. Bxe7 Bxe7 9. Qb3 Qxb3 10. axb3 O-O 11. O-O Nxe5 12. Nxe5 Bxe2 13. Re1 Bh5 14. g4 Bg6 15. Nxg6 fxg6 16. Rxe6 Bh4 17. Re2 Rf3 18. Nd2 Rxd3 19. cxd4 Rxd4 20. f3 Rad8 21. Ne4 Be7 22. Kg2 a6 23. Rc1 R8d7 24. Rec2 c6 25. h3 Rd1 26. Rxd1 Rxd1 27. Nc3 Rd3 28. Re2 Kf7 29. Rc2 Kf6 30. Ne4+ Ke5 31. Nc5 Bxc5 32. Rxc5+ Kd6 33. Rc2 Rxb3 34. Kg3 g5 35. Rd2+ Ke6 36. Re2+ Kf6 37. Rd2 g6 38. Rd6+ Ke7 39. Rd2 h5 40. gxh5 gxh5 41. Re2+ Kf6 42. Rd2 Kf5 43. Re2 g4 44. hxg4+ hxg4 45. Rf2 Rxf3+ 46. Rxf3+ gxf3 47. Kxf3 Ke5 48. Ke3 Kd5 49. Kd3 Kc5 50. Kc3 a5 51. b3 b5 52. Kb2 Kb4 53. Ka2 c5 54. Kb2 c4 55. bxc4 Kxc4 0-1

[Event "Winnipeg op U1800"]
[Site "Winnipeg CAN"]
[Date "2025.01.04"]
[Round "3.16"]
[White "Samson, Larry"]
[Black "Trueman, Francis"]
[Result "1-0"]
[WhiteElo "1787"]
[BlackElo "1588"]
[WhiteFideId "-1"]
[WhiteFideId "-1"]
[PlyCount "67"]
[GameId "2140241293503872"]
[EventDate "2025.01.03"]
[EventType "swiss"]
[EventRounds "5"]
[EventCountry "CAN"]

1. e4 d6 2. d4 Nd7 3. Nf3 e5 4. Bc4 Be7 5. O-O Ngf6 6. Qe2 O-O 7. Nc3 c6 8. Bb3 Re8 9. dxe5 dxe5 10. Rd1 Qc7 11. h3 Nc5 12. a3 Nxb3 13. cxb3 a5 14. Be3 Be6 15. Qc2 h6 16. Nd2 Nh7 17. Na4 Ra6 18. Nc5 Bxc5 19. Bxc5 b6 20. Be3 b5 21. Nf3 g5 22. Nh2 Qc8 23. Rd6 f5 24. exf5 Bxf5 25. Qd2 Ra7 26. Rd1 Ra8 27. f3 Be6 28. Qd3 Kh8 29. Qg6 h5 30. Qxh5 Rg8 31. Qh6 Bf7 32. Ng4 Qf8 33. Nxe5 Qxh6 34. Nxf7+ 1-0

[Event "Winnipeg op U1800"]
[Site "Winnipeg CAN"]
[Date "2025.01.04"]
[Round "3.17"]
[White "Evans, Jason"]
[Black "Villamar, Flyn"]
[Result "0-1"]
[WhiteElo "1731"]
[BlackElo "1575"]
[WhiteFideId "-1"]
[WhiteFideId "-1"]
[PlyCount "70"]
[GameId "2140241293507969"]
[EventDate "2025.01.03"]
[EventType "swiss"]
[EventRounds "5"]
[EventCountry "CAN"]

1. e4 c6 2. d4 d5 3. f3 e6 4. Nc3 Bb4 5. Bd3 dxe4 6. fxe4 Qxd4 7. Nge2 Qd8 8. O-O Ne7 9. Bg5 O-O 10. e5 Qb6+ 11. Kh1 Ng6 12. Bxg6 hxg6 13. a3 Bxc3 14. Nxc3 Qxb2 15. Qd4 Qb6 16. Qd6 Nd7 17. Ne4 Qb2 18. Rae1 Qxc2 19. Nf6+ gxf6 20. Bxf6 Nxf6 21. exf6 b6 22. Qf4 g5 23. Qxg5+ Qg6 24. Qe5 Rd8 25. Rf3 Rd5 26. Qc3 Bb7 27. Rg3 Rg5 28. Rxg5 Qxg5 29. Re3 Rd8 30. h3 Rd1+ 31. Kh2 Qf4+ 32. Rg3+ Kh8 33. Qb4 Qxb4 34. axb4 Rf1 35. Rf3 Rxf3 0-1

[Event "Winnipeg op U1800"]
[Site "Winnipeg CAN"]
[Date "2025.01.04"]
[Round "3.18"]
[White "Zhang, Nicole"]
[Black "Pacin, Stefan"]
[Result "1-0"]
[WhiteElo "1704"]
[BlackElo "1434"]
[WhiteFideId "-1"]
[WhiteFideId "-1"]
[PlyCount "73"]
[GameId "2140241293507970"]
[EventDate "2025.01.03"]
[EventType "swiss"]
[EventRounds "5"]
[EventCountry "CAN"]

1. e4 e5 2. Nf3 Nc6 3. Bc4 Nf6 4. Ng5 d5 5. exd5 Nxd5 6. Nxf7 Kxf7 7. Qf3+ Qf6 8. Bxd5+ Be6 9. Bxc6 bxc6 10. Qxc6 Bd6 11. O-O h5 12. Nc3 Qg6 13. Qf3+ Bf5 14. d3 h4 15. h3 Ke7 16. Kh1 Raf8 17. Qc6 Kd8 18. Be3 Bd7 19. Qa8+ Ke7 20. Qxa7 Bc6 21. Ne4 Rh5 22. Rg1 Bxe4 23. dxe4 Qxe4 24. Bc5 Ke6 25. Bxd6 cxd6 26. Qxg7 Rxf2 27. Raf1 Rhf5 28. Qg6+ Ke7 29. Rxf2 Rf4 30. Qxe4 Rxe4 31. Rgf1 Ke6 32. Rf8 Re2 33. a4 Rxc2 34. a5 Rxb2 35. Ra1 Kd7 36. Rh8 Rb7 37. Rh7+ 1-0

[Event "Winnipeg op U1800"]
[Site "Winnipeg CAN"]
[Date "2025.01.04"]
[Round "3.19"]
[White "Guzman, Sophia"]
[Black "Kuryliw, Adrian"]
[Result "1-0"]
[WhiteElo "1534"]
[BlackElo "1669"]
[WhiteFideId "-1"]
[WhiteFideId "-1"]
[PlyCount "95"]
[GameId "2140241293507971"]
[EventDate "2025.01.03"]
[EventType "swiss"]
[EventRounds "5"]
[EventCountry "CAN"]

1. e4 e5 2. Nf3 Nf6 3. d4 Be7 4. dxe5 Nxe4 5. Qd5 Ng5 6. Bxg5 Bxg5 7. e6 f6 8. exd7+ Nxd7 9. Nxg5 Qe7+ 10. Ne4 Nb6 11. Qh5+ g6 12. Qe2 Kf7 13. Nbc3 Rd8 14. Ng3 Qb4 15. Qb5 Qe7+ 16. Be2 Bd7 17. Qb3+ Be6 18. Qa3 Qxa3 19. bxa3 c6 20. O-O Rd2 21. Bd3 Bc4 22. Bxc4+ Nxc4 23. Rab1 b6 24. Rbd1 Rad8 25. Rc1 Nxa3 26. Nce4 Rxc2 27. Rxc2 Nxc2 28. Rc1 Nd4 29. h3 c5 30. Nxc5 bxc5 31. Rxc5 Rd7 32. Ra5 f5 33. Kh2 Nc6 34. Ra6 Nb4 35. Ra4 Nd3 36. f3 Ne1 37. Ne2 Ke8 38. Ra5 Nc2 39. Nc3 Nb4 40. a3 Nc6 41. Ra6 Nb8 42. Ra4 a6 43. Rb4 a5 44. Rxb8+ Rd8 45. Rxd8+ Kxd8 46. Kg3 Kc7 47. Kf4 h6 48. Ke5 1-0